Top 10 Goalies With The Most Saves Ever - Statistics

General Stats
  • This quiz has been taken 18 times
  • The average score is 2 of 10
Answer Stats
Hint Answer % Correct
7. 1,005 Saves Čech
69%
1. 270 Clean Sheets, 150 Penalty Saves Yashin
69%
5. 1,157 Saves de Gea
31%
9. 986 Saves Lloris
25%
2. 460 Clean Sheets Clemence
13%
10. 941 Saves Hart
13%
6. 1,131 Saves Fabianski
6%
8. 992 Saves Howard
6%
4. 1,178 Saves Foster
0%
3. 1,712 Saves Rimando
0%
No matching quizzes found
Score Distribution
Percent of People with Each Score
Percentile by Number Answered
Your Score History
You have not taken this quiz